000 00441nam a2200181Ia 4500
001 8449
005 20260306160610.0
008 260306t1933||||xx |||||||||||||| ||spa||
041 _aESP
082 _a371.07
_bF55
100 _aFitzpatrick, Edward Augustus,
_eAUT
245 0 _aSt. Ignatius and the ratio studiorum
260 _c1933
300 _a275 páginas :
_c23 cm.
650 _aGEN
654 _aCED
942 _cLIB
_dJUS
_fJUS
_2ddc
_n
999 _c8449
_d8449